000 00315nam a22001457a 4500
003 SGT
082 _a516,SIN
100 _aSINGH,BHUPENDRA
245 _aGEOMETRY AND VECTOR CALCULUS
250 _a1ST
260 _aMEERUIT
_bPRAGATI PRAKASHAN
_c2016
300 _aV.P.
650 _aMATHEMATICS
942 _2ddc
_cFPS
999 _c10049
_d10049